000 01562nam a2200385 a 4500
001 0000384
003 DO-SdBNP
005 20180314120908.0
007 0000384
008 150817s2013 ac spa d
020 _a9789945120684
040 _aBPMSU
_bspa
_cBPMSU
092 _a373.832
_bS594c 2do. 2013
100 1 _aSimón Consuegra, José Miguel
245 1 4 _aCívica 2
_b[educación media ]/
_cJosé Miguel Simón Consuegra, Margarita Hernández Tejada ; ilustración Julio César Martínez
260 _aSanto Domingo :
_bMinisterio de Educación,
_c2013.
300 _a168 p :
_bil. retrs.
_c28 cm.
500 _a2do. grado/primer ciclo/nivel medio
500 _aProhibida su venta. Propiedad del Ministerio de Educación.
500 _aFormación en valores y civismo.
504 _aBibliografía p: 167
505 1 _tLos derechos humanos --
_tLos derechos de la mujer --
_tLos valores de nuestra constitución --
_tLas relaciones humanas --
_tSalvemos nuestro planeta --
650 4 _aEDUCACIÓN CÍVICA
_xENSEÑANZA SECUNDARIA
650 4 _aEDUCACIÓN SECUNDARIA
_zREPÚBLICA DOMINICANA
650 4 _aEDUCACIÓN CÍVICA
_xLIBROS DE TEXTOS
650 4 _aEDUCACIÓN CÍVICA
_xESTUDIOS Y EJERCICIOS
650 4 _aEDUCACIÓN CÍVICA
_xEDUCACIÓN SECUNDARIA
700 1 2 _aHernández Tejada, Margarita
700 1 2 _aMartínez, Julio César
_eil.
700 1 _aSandoval, Ramón
_eil.
910 _aValidado. Control de calidad MFF
942 _2ddc
_cBK
945 _aRemanejado para la BNPHU / 2018 VM
956 _aYngrid Lockward
_b10
999 _c10098
_d10098